ბათუმის შოთა რუსთაველის სახელმწიფო უნივერსიტეტის ბიბლიოთეკა

Анализ и оценка эффективности инвестиции : (ბიბ.ჩანაწერი № 50298)

000 -LEADER
fixed length control field 01196nam a2200253Ia 4500
001 - CONTROL NUMBER
control field 17239
003 - CONTROL NUMBER IDENTIFIER
control field GE_BSU
005 - DATE AND TIME OF LATEST TRANSACTION
control field 20200204144454.0
008 - FIXED-LENGTH DATA ELEMENTS--GENERAL INFORMATION
fixed length control field 181216s2014ru xx |||||||||||||| ||rus||
020 ## - INTERNATIONAL STANDARD BOOK NUMBER
International Standard Book Number 978523024974
040 ## - CATALOGING SOURCE
Transcribing agency GE_BSU
080 ## - UNIVERSAL DECIMAL CLASSIFICATION NUMBER
Universal Decimal Classification number 657(083.74) Т-88
100 ## - MAIN ENTRY--PERSONAL NAME
Personal name Турманидзе,Теймураз.
9 (RLIN) 6778
245 ## - TITLE STATEMENT
Title Анализ и оценка эффективности инвестиции :
Remainder of title Учеб.пособ. для студ.вузов,обучающихся по экономическим специальностям /
Statement of responsibility, etc. Теймураз Турманидзе ; Гл.ред : Н.Д.Эриашвили ; ред :Т. М.Дубович .
250 ## - EDITION STATEMENT
Edition statement -2-е изд,перераб,и доп
264 ## - PRODUCTION, PUBLICATION, DISTRIBUTION, MANUFACTURE, AND COPYRIGHT NOTICE
Place of production, publication, distribution, manufacture Москва :
Name of producer, publisher, distributor, manufacturer Юнити,
Date of production, publication, distribution, manufacture, or copyright notice 2014.
300 ## - PHYSICAL DESCRIPTION
Extent 247 с .:
Dimensions 22 см,
653 ## - INDEX TERM--UNCONTROLLED
keyword Анализ и оценка эффективности инвестиции
653 ## - INDEX TERM--UNCONTROLLED
keyword ბუღალტერია
653 ## - INDEX TERM--UNCONTROLLED
keyword ეკონომიკა
700 ## - ADDED ENTRY--PERSONAL NAME
Personal name Эриашвили, Н.Д
Relator term მთავარი რედაქტორი
9 (RLIN) 6779
700 ## - ADDED ENTRY--PERSONAL NAME
Personal name Дубович, Т.М
Relator term რედაქტორი
9 (RLIN) 6780
942 ## - ADDED ENTRY ELEMENTS (KOHA)
Koha item type წიგნი
Source of classification or shelving scheme
ეგზემპლარები
Withdrawn status Lost status Source of classification or shelving scheme Damaged status Not for loan Permanent Location Current Location Shelving location Date acquired Full call number Barcode Date last seen Copy number Price effective from Koha item type
          ბათუმის შოთა რუსთაველის სახელმწიფო უნივერსიტეტის მთავარი ბიბლიოთეკა ბათუმის შოთა რუსთაველის სახელმწიფო უნივერსიტეტის მთავარი ბიბლიოთეკა წიგნსაცავი 2018-12-17 657(083.74) Т-88 45251 2018-12-17 45251 2018-12-17 წიგნი